01782nam a2200253Ia 450000500170000000800410001702000180005805000260007610000310010224000640013324501540019725000170035126000320036830000350040050001370043550001100057250000910068250400320077350505610080565000400136665000360140670000420144270000440148420231102150933.0120626s2011 mx a 000 0 spa d a978607170626304aLB1028.3 bB3718 20111 aBates, A. W. (Tony)eautor10aTechnology, Open Learning and Distance Educationlespañol13aLa tecnología en la enseñanza abierta y la educación a distanciac/ A.W. Bates; traduccion, Juan Samuel Santiago Cruz, Julio Raul Santiago Cruz a2a edición3 aMéxicob: Trillasc, 2011 a364 páginasb: ilustraciones aIncluye: Índice de contenido ; Índice de figuras ; Índice de tablas ; Anexo I y II ; Índice onomastico e Índice analitico. aEn portada el autor aparece : A. W. (Tony) Bate.-- Traducción de: Technology open learning and distance aEducación MAX Pedagogía / Pedagogía contemporanea (B 24) / (08 004900-08 005697) aBibliografía (pp.343-349)1 aResumen ejecutivo ¿Qué hemos aprendido sobre la tecnología, la enseñanza abierta y la toma de decisiones? Tecnologia, toma de decisiones y enseñanza abierta y a distancia Selección de tecnologías. Clasificación de las diferencias Televisión. La trasmisión educativa Televisión educativa Textos impresos Audio unidireccional. Radio y audiocassettes Audio bidireccional. Enseñanza por teléfono y audiográficos Enseñanza basada en computadora y multimedia Comunicación por computadora Tecnología y el futuro de la educación 14aEDUCACIÓNxSISTEMAS AUDIOVISUALES24aEDUCACIÓNxSISTEMA MONITORIAL1 aSantiago Cruz, Juan Samueldtraductor1 aSantiago Cruz, Julio Raúletraductor